000 00205nam a22001097a 4500
041 _aeng
080 _a51
090 _bKLI
100 _aKlinger, F.
245 _aMathematics for Everyone.
999 _c280253
_d280253
942 _cBK